All Coventry City Premier League Players Ever - Statistics

General Stats
  • This quiz has been taken 12 times
  • The average score is 150 of 250
Answer Stats
% Correct
1992/93 England Brian Borrows 38
88%
1993/94 England Brian Borrows 29
88%
1994/95 England Brian Borrows 35
88%
1995/96 England Brian Borrows 21
88%
1996/97 England Brian Borrows 23
88%
1997/98 England Brian Borrows 1
88%
1994/95 England David Burrows 11
88%
1995/96 England David Burrows 11
88%
1996/97 England David Burrows 18
88%
1997/98 England David Burrows 32
88%
1998/99 England David Burrows 23
88%
1999/00 England David Burrows 15
88%
1994/95 England Dion Dublin 31
88%
1995/96 England Dion Dublin 34
88%
1996/97 England Dion Dublin 34
88%
1997/98 England Dion Dublin 36
88%
1998/99 England Dion Dublin 10
88%
1996/97 Scotland Gary McAllister 38
88%
1997/98 Scotland Gary McAllister 14
88%
1998/99 Scotland Gary McAllister 29
88%
1999/00 Scotland Gary McAllister 38
88%
1992/93 England John Williams 41
88%
1993/94 England John Williams 32
88%
1994/95 England John Williams 7
88%
1992/93 England Mick Quinn 26
88%
1993/94 England Mick Quinn 32
88%
1994/95 England Mick Quinn 6
88%
1995/96 England Noel Whelan 21
88%
1996/97 England Noel Whelan 35
88%
1997/98 England Noel Whelan 21
88%
1998/99 England Noel Whelan 31
88%
1999/00 England Noel Whelan 26
88%
1992/93 Northern Ireland Paul Williams 2
88%
1993/94 England Paul Williams 9
88%
1994/95 England Paul Williams 5
88%
1995/96 England Paul Williams 32
88%
1996/97 England Paul Williams 32
88%
1997/98 England Paul Williams 20
88%
1998/99 England Paul Williams 22
88%
1999/00 England Paul Williams 28
88%
2000/01 England Paul Williams 30
88%
1992/93 Zimbabwe Peter Ndlovu 32
88%
1993/94 Zimbabwe Peter Ndlovu 40
88%
1994/95 Zimbabwe Peter Ndlovu 30
88%
1995/96 Zimbabwe Peter Ndlovu 32
88%
1996/97 Zimbabwe Peter Ndlovu 20
88%
1999/00 Ireland Robbie Keane 31
88%
1992/93 England Steve Ogrizovic 33
88%
1993/94 England Steve Ogrizovic 33
88%
1994/95 England Steve Ogrizovic 33
88%
1995/96 England Steve Ogrizovic 25
88%
1996/97 England Steve Ogrizovic 38
88%
1997/98 England Steve Ogrizovic 24
88%
1998/99 England Steve Ogrizovic 2
88%
1999/00 England Steve Ogrizovic 3
88%
1998/99 Ireland Barry Quinn 7
75%
1999/00 Ireland Barry Quinn 11
75%
2000/01 Ireland Barry Quinn 25
75%
1999/00 Belgium Cedric Roussel 22
75%
2000/01 Belgium Cedric Roussel 17
75%
1994/95 United States Cobi Jones 21
75%
2000/01 Wales Craig Bellamy 34
75%
1996/97 England Darren Huckerby 25
75%
1997/98 England Darren Huckerby 34
75%
1998/99 England Darren Huckerby 34
75%
1999/00 England Darren Huckerby 1
75%
1992/93 Scotland David Busst 10
75%
1993/94 Scotland David Busst 3
75%
1994/95 Scotland David Busst 20
75%
1995/96 Scotland David Busst 17
75%
1992/93 Scotland David Rennie 9
75%
1993/94 Scotland David Rennie 34
75%
1994/95 Scotland David Rennie 28
75%
1995/96 Scotland David Rennie 11
75%
1992/93 England David Smith 6
75%
2000/01 England David Thompson 25
75%
1996/97 Ireland Gary Breen 9
75%
1997/98 Ireland Gary Breen 30
75%
1998/99 Ireland Gary Breen 25
75%
1999/00 Ireland Gary Breen 21
75%
2000/01 Ireland Gary Breen 31
75%
1997/98 Scotland Gavin Strachan 9
75%
1999/00 Scotland Gavin Strachan 3
75%
2000/01 Scotland Gavin Strachan 2
75%
1994/95 Scotland Gordon Strachan 5
75%
1995/96 Scotland Gordon Strachan 12
75%
1996/97 Scotland Gordon Strachan 9
75%
1998/99 Australia John Aloisi 16
75%
1999/00 Australia John Aloisi 7
75%
2000/01 Australia John Aloisi 19
75%
1994/95 England Kevin Richardson 14
75%
1995/96 England Kevin Richardson 33
75%
1996/97 England Kevin Richardson 28
75%
1997/98 England Kevin Richardson 3
75%
1997/98 Sweden Magnus Hedman 14
75%
1998/99 Sweden Magnus Hedman 36
75%
1999/00 Sweden Magnus Hedman 35
75%
2000/01 Sweden Magnus Hedman 15
75%
1999/00 Morocco Mustapha Hadji 33
75%
2000/01 Morocco Mustapha Hadji 29
75%
1995/96 England Richard Shaw 21
75%
1996/97 England Richard Shaw 35
75%
1997/98 England Richard Shaw 33
75%
1998/99 England Richard Shaw 37
75%
1999/00 England Richard Shaw 29
75%
2000/01 England Richard Shaw 24
75%
1997/98 Sweden Roland Nilsson 32
75%
1998/99 Sweden Roland Nilsson 28
75%
1992/93 United States Roy Wegerle 6
75%
1993/94 United States Roy Wegerle 21
75%
1994/95 United States Roy Wegerle 26
75%
1997/98 Norway Trond Egil Soltvedt 30
75%
1998/99 Norway Trond Egil Soltvedt 27
75%
1997/98 Romania Viorel Moldovan 10
75%
1999/00 Morocco Youssef Chippo 33
75%
2000/01 Morocco Youssef Chippo 32
75%
2000/01 England Alan Miller 1
63%
2000/01 England Chris Kirkland 23
63%
1998/99 England Gary McSheffrey 1
63%
1999/00 England Gary McSheffrey 3
63%
1997/98 Netherlands George Boateng 14
63%
1998/99 Netherlands George Boateng 33
63%
1999/00 Peru Herlyn Zuniga 7
63%
2000/01 Peru Herlyn Zuniga 15
63%
1995/96 Brazil Isaias 11
63%
1996/97 Brazil Isaias 1
63%
1999/00 England John Eustace 16
63%
2000/01 England John Eustace 32
63%
1995/96 England John Salako 37
63%
1996/97 England John Salako 24
63%
1997/98 England John Salako 11
63%
2000/01 Ireland Lee Carsley 21
63%
1998/99 England Marc Edworthy 22
63%
1999/00 England Marc Edworthy 10
63%
2000/01 England Marc Edworthy 24
63%
1994/95 England Marcus Hall 5
63%
1995/96 England Marcus Hall 25
63%
1996/97 England Marcus Hall 13
63%
1997/98 England Marcus Hall 25
63%
1998/99 England Marcus Hall 5
63%
1999/00 England Marcus Hall 9
63%
2000/01 England Marcus Hall 21
63%
1998/99 Bosnia & Herzegovina Mohammed Konjic 4
63%
1999/00 Bosnia & Herzegovina Mohammed Konjic 4
63%
2000/01 Bosnia & Herzegovina Mohammed Konjic 8
63%
1998/99 Jamaica Paul Hall 9
63%
1999/00 Jamaica Paul Hall 1
63%
1995/96 Scotland Paul Telfer 31
63%
1996/97 Scotland Paul Telfer 34
63%
1997/98 Scotland Paul Telfer 33
63%
1998/99 Scotland Paul Telfer 32
63%
1999/00 Scotland Paul Telfer 30
63%
2000/01 Scotland Paul Telfer 31
63%
1992/93 Ireland Phil Babb 34
63%
1993/94 Ireland Phil Babb 40
63%
1994/95 Ireland Phil Babb 3
63%
1998/99 England Stephen Froggatt 23
63%
1999/00 England Stephen Froggatt 26
63%
1992/93 Ireland Willie Boland 1
63%
1993/94 Ireland Willie Boland 27
63%
1994/95 Ireland Willie Boland 12
63%
1995/96 Ireland Willie Boland 3
63%
1996/97 Ireland Willie Boland 1
63%
1997/98 Ireland Willie Boland 19
63%
1993/94 England Ally Pickering 4
50%
1994/95 England Ally Pickering 31
50%
1995/96 England Ally Pickering 30
50%
1992/93 England Andy Pearce 24
50%
2000/01 England Calum Davenport 1
50%
1999/00 Scotland Colin Hendry 9
50%
2000/01 Scotland Colin Hendry 2
50%
1995/96 Scotland Eoin Jess 12
50%
1996/97 Scotland Eoin Jess 27
50%
2000/01 Wales John Hartson 12
50%
1992/93 Scotland Kevin Gallacher 20
50%
1995/96 Scotland Liam Daish 11
50%
1996/97 Scotland Liam Daish 20
50%
1996/97 Northern Ireland Michael O'Neill 1
50%
1997/98 Northern Ireland Michael O'Neill 4
50%
1992/93 England Micky Gynn 20
50%
1994/95 England Mike Marsh 15
50%
1995/96 Ghana Nii Lamptey 6
50%
1994/95 England Paul Cook 34
50%
1995/96 England Paul Cook 3
50%
1992/93 England Sean Flynn 7
50%
1993/94 England Sean Flynn 36
50%
1994/95 England Sean Flynn 32
50%
1999/00 England Carlton Palmer 15
38%
2000/01 England Carlton Palmer 15
38%
1998/99 Scotland Darren Jackson 3
38%
2000/01 England Jay Bothroyd 8
38%
1998/99 France Jean-Guy Wallemme 6
38%
1993/94 England John Gayle 3
38%
1997/98 Bermuda Kyle Lightbourne 7
38%
1992/93 England Lloyd McGrath 25
38%
1993/94 England Lloyd McGrath 11
38%
1997/98 England Sam Shilton 2
38%
1998/99 England Sam Shilton 5
38%
1993/94 Scotland Sandy Robertson 3
38%
1994/95 Scotland Sandy Robertson 1
38%
1995/96 England Chris Whyte 1
25%
1994/95 Scotland Gary Gillespie 3
25%
1995/96 England Iyseden Christie 1
25%
1994/95 Australia John Filan 2
25%
1995/96 Australia John Filan 13
25%
1996/97 Australia John Filan 1
25%
1992/93 Scotland Jonathan Gould 9
25%
1993/94 Scotland Jonathan Gould 9
25%
1994/95 Scotland Jonathan Gould 7
25%
1993/94 England Julian Darby 26
25%
1994/95 England Julian Darby 29
25%
1992/93 England Kenny Sansom 21
25%
1992/93 England Lee Hurst 35
25%
1992/93 England Leigh Jenkinson 5
25%
1993/94 England Leigh Jenkinson 16
25%
1994/95 England Leigh Jenkinson 11
25%
1993/94 England Mick Harford 1
25%
1992/93 England Peter Atherton 39
25%
1993/94 England Peter Atherton 40
25%
1992/93 England Peter Billing 3
25%
1992/93 England Robert Rosario 28
25%
1997/98 England Simon Haworth 10
25%
1998/99 England Simon Haworth 1
25%
1993/94 England Steve Morgan 40
25%
1994/95 England Steve Morgan 28
25%
1994/95 Scotland Steven Pressley 19
25%
1992/93 England Terry Fleming 11
25%
1996/97 Ukraine Alex Evtushok 3
13%
1996/97 England Andy Ducros 5
13%
1997/98 England Andy Ducros 3
13%
1992/93 England Chris Greenman 2
13%
1993/94 England Chris Marsden 7
13%
1992/93 England Craig Middleton 1
13%
1993/94 Poland Detsi Kruszynski 2
13%
2000/01 Honduras Ivan Guerrero 3
13%
1995/96 England Jamie Barnwell 1
13%
1992/93 Northern Ireland Keith Rowland 2
13%
1997/98 Denmark Martin Johansen 2
13%
1993/94 England Martyn Booty 2
13%
1998/99 Belgium Philippe Clement 12
13%
1996/97 Belgium Regis Genaux 4
13%
1999/00 England Robert Betts 2
13%
2000/01 England Robert Betts 1
13%
1999/00 Norway Runar Normann 8
13%
1998/99 Italy Stefano Gioacchini 3
13%
1992/93 England Stewart Robson 15
13%
1993/94 England Stewart Robson 1
13%
1999/00 Sweden Tomas Gustafsson 10
13%
1992/93 Ireland Tony Sheridan 1
13%
1993/94 Ireland Tony Sheridan 8
13%
No matching quizzes found
Score Distribution
Percent of People with Each Score
Percentile by Number Answered
Your Score History
You have not taken this quiz